Cette année là: 1800 - Statistiques

Statistiques générales
  • Ce quiz a été pris 65 fois
  • Le résultat moyen est 4 sur 10
Statistiques - réponses
Indice Réponse % Correct
15-20 mai: 2000 ans après Hannibal, je traverse les Alpes au col saint Bernard Napoléon Bonaparte
84%
17 février: Ce poste est créé pour assurer des missions administratives d'importance en département Préfet (et sous préfet)
70%
13 février: Institution financière créée à partir de la réunion de plusieurs banques Banque de France
64%
14 mars: je deviens Pape Pie VII
52%
14 juin: Victoire Française de Bonaparte et Desaix en Italie Marengo
34%
14 juin: Je meurs assassiné en Egypte Kléber
18%
3 décembre: Victoire française de Moreau en Allemagne Hohenlinden
10%
24 décembre: Rue dans laquelle une "machine infernale" menace la vie du premier consul Rue saint-Nicaise
10%
15 janvier au 28 mars: Ce traité intègre officiellement l'Irlande au Royaume Uni Acte d'Union
8%
30 septembre: Ce traité met fin aux hostilités entre la France et les Etats Unis Traité de Mortefontaine
6%
Aucun quiz correspondant
Distribution des résultats
% des personnes avec chaque résultat
Percentile par nombre de réponses
Votre historique - résultats
Vous n’avez pas pris ce quiz